01477nam a22003257a 4500999001700000003000900017005001700026008004100043020001800084040004300102082002000145100002800165245033100193264006800524264001000592300004200602336002600644337002800670338002700698500002500725500002000750650002600770650003900796650003900835653002400874655002400898700004900922942001200971952016800983 c28065d28036EG-ScBUE20201203153115.0200212t2019 ii o f 001 0 eng d a9789352706068 aEG-ScBUEbengerdacEG-ScBUEdEG-ScBUE04a617.63bPRA2221 aPrabhu, S. R.,eauthor.10aClinical diagnosis in oral medicine :ba case-based approach /cSR Prabhu, BDS MDS (oral path) FFDRCS (oral Med, Ire) FDSRCS (Edin) FDRCS (Eng) FDSRCPS (Glasgow) FFGDPRCS (Edin) FICD, associate professor discipline of oral medicine, The University of Queensland School of Dentistry, Brisbane, Australia, foreword Pauline Ford. 1aNew Delhi, India :bJaypee Brothers Medical Publishers,c[2019] 4cc2019 axv, 404 pages :bphotographs ;c20 cm 2rdacontentatextbtxt 2rdamediaaunmediatedbn 2rdacarrieravolumebnc aIncludes appendices. aIncludes index. 7aOral medicine.2BUEsh 7aMouthxDiseasesxDiagnosis.2BUEsh 7aMouthxDiseasesxTreatment.2BUEsh bDDENTcFebruary2020 vReading book9342321 aFord, Pauline,eauthor of introduction, etc. 2ddccBB 00102ddc40708AlahramaMAINbMAINc1STd2020-02-12ePurchaseg440.00h488l2m18o617.63 PRAp000048655r2023-11-14 00:00:00s2023-07-09v550.00w2020-02-12yBB